000 00407nam a2200133Ia 4500
005 20260328101512.0
008 260328s9999||||xx |||||||||||||| ||und||
100 _aSociedad Colombiana de Arquitectos
245 0 _aAnuario de la Arquitectura en Colombia (IX) /
_cSociedad Colombiana de Arquitectos
260 _bSociedad Colombiana de Arquitectos
300 _a340 p.
650 _aLATINOAMERICA
942 _cBK
999 _c9240
_d9240